000 00568nam a2200193Ia 4500
999 _c37461
_d37461
003 OSt
005 20200929123607.0
008 190216s9999||||xx |||||||||||||| ||und||
020 _a0070607508
040 _coclc
082 _a596
_bKAR/V
100 _aKardong, Kenneth V
_95140
245 0 _aVertebrates :
_bComparative Anatomy,Function,Evolution /
_cKenneth V Kardong
250 _a4th Ed.
260 _bTata Mcgrawhill Publishers,
_aNew Delhi:
_c2006.
300 _a782p
650 _aZoology
942 _cBK
_2ddc
_h596
_iKAR/V
_k596
_mKAR/V